Rozpoznaj numer warszawskiej linii autobusowej po krańcach #1 - Statystyki

Ogólne statystyki
  • Ten quiz został rozwiązany 247 razy
  • Średni wynik to 9 z 15
Statystyki odpowiedzi
Początek/koniec trasy Numer linii % Poprawnych
Karolin- CH Marki 112
79%
PKP Olszynka Grochowska- Stare Bemowo 523
75%
P+R Aleja Krakowska- Witolin 141
72%
Żerań FSO- Wiatraczna 145
69%
Winnica- Gocław 509
69%
Falenica- Szczęśliwice 521
69%
CH Ursynów- Gwiaździsta 185
68%
Chomiczówka- Torwar 171
67%
Metro Młociny- Szczęśliwice 184
63%
Nowodwory- Plac Trzech Krzyży 518
61%
Metro Politechnika- Wola Grzybowska 514
56%
Aleksandrów- PKP Mokry Ług 115
55%
Nowe Bemowo- P+R Aleja Krakowska 220
42%
Sarmancka- Wilanów 379
26%
Grodzisk- Dworzec Wschodni (Kijowska) 412
23%
Nie znaleziono quizów pasujących do podanych kryteriów
Rozkład punktacji
Procent ludzi z każdym wynikiem
Percentyl według liczby udzielonych odpowiedzi
Twoja historia wyników
Nie rozwiązałeś tego quizu